[Event "zt 3.3"]
[Site "Yongchuan CHN"]
[Date "2003.07.23"]
[Round "11"]
[White "Wang Rui"]
[Black "Zhang Zhong"]
[Result "0-1"]
[WhiteElo "2481"]
[BlackElo "2658"]
[PlyCount "56"]
[EventDate "2003.07.11"]
[Source "Mark Crowther"]
[SourceDate "2003.07.28"]

1. d4 Nf6 2. c4 e6 3. Nc3 Bb4 4. Qc2 c5 5. dxc5 O-O 6. a3 Bxc5 7. Nf3 Be7 8.
Bf4 Nh5 9. Bg3 Nc6 10. e3 h6 11. Be2 Nxg3 12. hxg3 b6 13. O-O Bb7 14. Rfd1 d6
15. Rac1 Qb8 16. Bd3 Rc8 17. b4 a6 18. Qb3 Ra7 19. Bb1 Ba8 20. Qc2 g6 21. Qb3
Rac7 22. Ne4 d5 23. cxd5 Nd4 24. Nxd4 Rxc1 25. dxe6 Bd5 26. exf7+ Bxf7 27. Qd3
Qe5 28. Bc2 R8xc2 0-1